Strings of Letters #3 - Statistics

General Stats
  • This quiz has been taken 87 times
  • The average score is 18 of 30
Answer Stats
Hint Answer % Correct
for Didn’t remember Forgot
99%
bar Cuts hair for a living Barber
96%
for Wander in search of food Forage
89%
ent Related to the teeth Dental
87%
sla Area of land surrounded by water Island
87%
mon Long Japanese robe Kimono
83%
mon Non-ape primate with a tail Monkey
83%
ent Season preceding Christmas Advent
74%
bar Vomited Barfed
74%
for Provide information to Inform
74%
mon A source of roe Salmon
71%
rid Structure that spans a gap in the terrain Bridge
70%
rid Horse’s headgear Bridle
70%
sla Trousers Slacks
70%
bar Having to do with the lower back Lumbar
67%
mon Type of nut or a pale tan Almond
66%
mon Occurring frequently Common
60%
bar Board a vessel or aircraft Embark
56%
sla Move or race through a zigzag course Slalom
56%
for Involuntary Forced
53%
sla Temporarily lose (something) Mislay
51%
ent Whole Entire
50%
ent Midpoint Center
49%
rid Of mixed origin or composition Hybrid
31%
sla Scheduled Slated
31%
bar Lounge lizard Barfly
29%
for Change for the better Reform
27%
rid Make fun of Deride
24%
rid Flushed or ruddy Florid
24%
ent Anything existing as a discrete unit Entity
23%
No matching quizzes found
Score Distribution
Percent of People with Each Score
Percentile by Number Answered
Your Score History
You have not taken this quiz